| 000 | 00455nam a22001937a 4500 | ||
|---|---|---|---|
| 003 | bpm | ||
| 005 | 20260417102616.0 | ||
| 008 | 260417b |||||||| |||| 00| 0 spa d | ||
| 020 | _a9505114281 | ||
| 024 | _aS. C. C. / M. C. y E. M.: | ||
| 040 | _aAR-CtUCP | ||
| 041 | _aspa | ||
| 080 | _aCDU | ||
| 100 | _aSubercaseaux Elizabeth | ||
| 245 | _aEva en el mundo de los jaguares | ||
| 650 | _aLiteratura - relatos | ||
| 942 | _cLIB | ||
| 999 |
_c76662 _d76662 |
||